000
00377 a2200181 4500
245
_a
Guide pratique de la médecine d'urgence
100
_a
Virenque, C.
260
_c
1985
300
_a
194 p.
035
_a
3061
035
_a
3058
035
_a
3059
035
_a
3057
035
_a
3060
999
_c
17531
_d
17531